LEADER 01338nam a2200289 i 4500 001 000000011848 003 CaOOAMICUS 005 20200713080727.0 008 180830s1899 au u000 u und u 040 $aSeMil$bita 245 10$aSancti Aurelii Augustini Episcopi De Civitate Dei :$bLibri 22 /$cRecensuit et commentario critico instruxit Emanuel Hoffmann. 260 $aLipsiae :$bFreytag,$c1899-1900. 260 $aVindobonae ; Pragae :$bTempsky,$c1899-1900. 300 $a2 v. ;$c23 cm. 700 1 $aHoffmann, Emanuel.$0(OLS)http://semarc/name/5693 700 0 $aAugustinus, Aurelius,$c.$0(OLS)http://semarc/name/498 774 0 $t1: Libri 1.-23.$kCorpus scriptorum ecclesiasticorum latinorum$gVol.1$w()127701 774 0 $tLibri 14.-22.$kCorpus scriptorum ecclesiasticorum latinorum$gVol.2$w()127704 830 0$aCorpus scriptorum ecclesiasticorum latinorum.$0(OLS)http://semarc/title/405 900 1 $aAgostino : d'Ippona. 900 1 $aSant'Agostino. 996 $6245$aSancti Aurelii Augustini Episcopi De Civitate Dei :$bLibri 22$9(OLS)http://semarc/title/15681 996 $6260$aVindobonae ; Pragae :$bTempsky$9(OLS)http://semarc/publisher/33251 996 $6260$aLipsiae :$bFreytag$9(OLS)http://semarc/publisher/33252 LEADER 01552nam a2200301 i 4500 001 000000100639 003 CaOOAMICUS 005 20171003000000.0 008 171003s2008 it u000 u ita u 013 $a72791 020 $a978-88-17-02058-9 040 $aSeMil$bita 100 1 $aPinotti, Ferruccio,$d<1959- >.$0(OLS)http://semarc/name/92697 245 10$aOlocausto bianco :$b[pedofilia, nuovo cancro sociale, lobby potente che divora i nostri bambini, in famiglia, nella chiesa, nella società, una inchiesta a 360 gradi] /$cFerruccio Pinotti ; [In collaborazione con Carlotta Zavattiero]. 260 $aMilano :$bBUR,$c2008. 300 $a496 p. ;$c20 cm. 490 0 $aBUR. Futuropassato 500 $aContiene : Appendice ; Bibliografia. 650 4$aViolenza sessuale - Infanzia.$0(OLS)http://semarc/subject/18429 650 4$aPedofilia.$0(OLS)http://semarc/subject/31485 700 1 $aZavattiero, Carlotta <1973- >.$0(OLS)http://semarc/name/92698 830 0$aBUR Rizzoli. Futuropassato.$0(OLS)http://semarc/title/25119 850 $aSeMil 852 $aSeMil$W1$xVenegono$y1$m3N II 699$j57707$B57707$CSeMilBibl$Z2$F68150 $81 961 $aOmaggio: Perego don Stefano 996 $6020$a978-88-17-02058-9$9(OLS)http://semarc/number/272526 996 $6245$aOlocausto bianco :$b[pedofilia, nuovo cancro sociale, lobby potente che divora i nostri bambini, in famiglia, nella chiesa, nella società, una inchiesta a 360 gradi]$9(OLS)http://semarc/title/406723 996 $6260$aMilano :$bBUR$9(OLS)http://semarc/publisher/31429